000 01357nam a2200349 a 4500
001 ebr10633963
003 CaPaEBR
006 m u
007 cr cn|||||||||
008 121220s2010 wlk sb 001 0 eng d
020 _z9780708322772
020 _z9780708322871 (e-book)
040 _aCaPaEBR
_cCaPaEBR
035 _a(OCoLC)842859728
043 _ae-uk-wl
050 1 4 _aPR8963
_b.A27 2010eb
100 1 _aAaron, Jane.
245 1 0 _aNineteenth-century women's writing in Wales
_h[electronic resource] :
_bnation, gender, and identity /
_cJane Aaron.
250 _a2nd ed.
260 _aCardiff :
_bUniversity of Wales Press,
_c2010.
300 _aviii, 263 p.
440 0 _aGender studies in Wales
504 _aIncludes bibliographical references and index.
533 _aElectronic reproduction.
_bPalo Alto, Calif. :
_cebrary,
_d2013.
_nAvailable via World Wide Web.
_nAccess may be limited to ebrary affiliated libraries.
650 0 _aWomen
_zWales
_vLiterary collections.
650 0 _aEnglish literature
_xWelsh authors.
650 0 _aEnglish literature
_xWomen authors.
650 0 _aEnglish literature
_y19th century.
655 7 _aElectronic books.
_2local
710 2 _aebrary, Inc.
856 4 0 _uhttp://site.ebrary.com/lib/rucke/Doc?id=10633963
_zAn electronic book accessible through the World Wide Web; click to view
999 _c46895
_d46895